000 01565nam a2200289Ia 4500
003 OSt
005 20250422094406.0
008 250422b |||a|||| |||| 00| 0 spa d
020 _a9789568853129
037 _bDonación
040 _aCO-JMCR
_cCO-JMCR
_bspa
_dCO-JMCR
_erda
041 0 _aspa
082 0 4 _a331.252 /
_bF293f1
_223
111 1 _aSeminario
_97805
245 1 0 _aFortaleciendo los cimientos del sistema de capitalización individual para asegurar su sostenibilidad /
_cpresentaciones de Seminario, organizado por FIAP
250 _aPrimera edición
260 _aChile :
_bFederación Internacional de Administradoras de Fondos de Pensiones,
_c2014.
300 _a408 páginas :
_bgráficos ;
_c23 cm.
505 0 _aAmpliación de cobertura y promoción del ahorro previsional -- Rentabilidad y manejo de riesgos-- Eficiencia, competencia y costos de administración -- El tipo de calidad de las pensiones en los sistemas de capitalización individualdivudual
520 0 _aLa administración internacional de administradoras de fondos de pensiones, FIAP, fue creada en mayo del año 1996. La personería jurídica de esta organización internacional fue otorgada en la ciudad de Montevideo, el 29 de junio del 2004.
650 1 4 _aPensiones
_xCongresos
_zAmérica Latina
_97806
650 2 4 _aConferencias
_xAhorro e inversión
_zAmérica Latina
_97807
650 2 4 _aCongresos
_xconferencias Pensiones
_zAmérica Latina
_97808
650 2 4 _aEstudios comparados
_zAmérica Latina
_97809
650 2 4 _aCongresos
_xconferencias
_97237
942 _2ddc
_cBK
999 _c6331
_d6331